[Event "RUS-ch Silent"]
[Site "Zelenograd"]
[Date "2022.04.17"]
[Round "10"]
[White "Fomichev, Sergey1111"]
[Black "Davydov, Evgeny G"]
[Result "0-1"]
[WhiteElo "1914"]
[BlackElo "1954"]
[PlyCount "48"]
[EventDate "2022.04.09"]
[EventType "swiss"]
[EventRounds "11"]
[EventCountry "RUS"]
[SourceTitle "EXT 2023"]
[Source "ChessBase"]
[SourceDate "2022.10.05"]
[SourceVersion "1"]
[SourceVersionDate "2022.10.05"]
[SourceQuality "1"]

1. d4 d5 2. c4 e6 3. Nf3 c5 4. cxd5 exd5 5. Nc3 Nc6 6. e3 Nf6 7. Bb5 cxd4 8. Nxd4 Bd7 9. 0-0 Bd6 10. Nf3 Be6 11. Re1 0-0 12. Be2 Rc8 13. a3 a6 14. Nd4 Be5 15. Nxc6 Rxc6 16. Bd2 Ne4 17. Rc1 Bxh2+ 18. Kf1 Nxd2+ 19. Qxd2 Be5 20. f4 Bxc3 21. Rxc3 Rxc3 22. Qxc3 Qh4 23. Rc1 d4 24. Qxd4 Qh1+ 0-1

[Event "RUS-ch Silent"]
[Site "Zelenograd"]
[Date "2022.04.16"]
[Round "9"]
[White "Ivanov, Nikolay A1111"]
[Black "Davydov, Evgeny G"]
[Result "0-1"]
[WhiteElo "1779"]
[BlackElo "1954"]
[PlyCount "114"]
[EventDate "2022.04.09"]
[EventType "swiss"]
[EventRounds "11"]
[EventCountry "RUS"]
[SourceTitle "EXT 2023"]
[Source "ChessBase"]
[SourceDate "2022.10.05"]
[SourceVersion "1"]
[SourceVersionDate "2022.10.05"]
[SourceQuality "1"]

1. c4 e5 2. g3 c6 3. d4 Bb4+ 4. Bd2 Bxd2+ 5. Qxd2 e4 6. d5 d6 7. Bg2 cxd5 8. cxd5 Nf6 9. Nc3 Bf5 10. g4 Bxg4 11. Nxe4 0-0 12. Nxf6+ Qxf6 13. Nf3 Bxf3 14. Bxf3 Nd7 15. Bg2 Ne5 16. Rc1 Rac8 17. 0-0 Qe7 18. Rxc8 Rxc8 19. Rc1 Rxc1+ 20. Qxc1 g6 21. Qc8+ Kg7 22. Qc3 Qf6 23. Kf1 Ng4 24. Qxf6+ Kxf6 25. Bh3 Ne5 26. b3 g5 27. Bc8 b6 28. h3 Ng6 29. e3 Ke5 30. Ba6 Ne7 31. Bc4 Nxd5 32. Ke2 f5 33. a3 Nf6 34. f3 d5 35. Bb5 d4 36. Kd3 dxe3 37. Kxe3 Nd5+ 38. Kf2 Kf4 39. Bc6 Nc3 40. Bd7 Nb1 41. a4 Nd2 42. b4 Nxf3 43. a5 bxa5 44. bxa5 Ne5 45. Be6 Nd3+ 46. Kg2 Nc5 47. Bc8 h5 48. Kh2 g4 49. Kg2 h4 50. hxg4 fxg4 51. a6 Ne4 52. Bb7 Nd2 53. Bc8 h3+ 54. Kh1 Kg3 55. Be6 Ne4 56. Bd5 Nf2+ 57. Kg1 h2+ 0-1

[Event "RUS-ch Silent"]
[Site "Zelenograd"]
[Date "2017.09.27"]
[Round "11"]
[White "Shajakhmetov, Ildar"]
[Black "Davydov, Evgeny G"]
[Result "1-0"]
[WhiteElo "1818"]
[BlackElo "2053"]
[PlyCount "45"]
[EventDate "2017.09.19"]
[EventType "swiss"]
[EventRounds "11"]
[EventCountry "RUS"]
[SourceTitle "EXT 2019"]
[Source "ChessBase"]
[SourceDate "2018.10.10"]
[SourceVersion "1"]
[SourceVersionDate "2018.10.10"]
[SourceQuality "1"]

1. d4 Nf6 2. c4 e6 3. Nc3 Bb4 4. Qc2 0-0 5. Bg5 h6 6. Bh4 d6 7. e3 Nbd7 8. Bd3 e5 9. Nge2 Re8 10. 0-0 Bxc3 11. Nxc3 c6 12. Rad1 Qe7 13. f3 g5 14. Bf2 Kg7 15. e4 Nh5 16. g3 b6 17. Be2 Ndf6 18. Rd2 g4 19. Qd1 gxf3 20. Bxf3 Kg6 21. dxe5 dxe5 22. Rd6 Bh3 23. Bxh5+ 1-0